000 00968nam a22002417a 4500
005 20170424150204.0
010 _a1617CH- ENG-117215
020 _a9780008100995
_c399.00
035 _aB-646125-145
035 _aB-666188
035 _aEN-100747
037 _adpl
_bPragati/Ven
037 _bDBAD/PUB
082 _aS
100 _aRoth, Veronica
245 _aFour :
_cby Veronica Roth
_ba diversent collection /
260 _aLondon
_bHarper Collins Children Books
_c2014
270 _a77-85 Fulham Palace Road, Hammersmith
_bLondon
_eW6 8JB
300 _a285p.
_c19cm(pbk)
942 _2ddc
_cCH
_mROT
_hS
999 _c100741
_d100741